000 00699nam a2200289Ia 4500
005 20260324124825.0
008 008 260324s9999 xx 000 0 eng d
020 _a9781936331055
037 _aEBOOK
040 _aCRL
040 _beng
040 _cCRL
041 _2eng
041 _aeng
084 _qCRL
100 _aChristopher Bosso
_91175626
245 0 _aGoverning Uncertainty
245 0 _bEnvironmental Regulation in the Age of Nanotechnology
260 _bTaylor and Francis
260 _c2010
365 _a
365 _b62.99
856 _uhttp://www.taylorfrancis.com/books/9781936331055
942 _cEBOOK
999 _c1770362
_d1770362